[Event "TIPC 2005"]
[Site "Charleroi"]
[Date "2005.08.03"]
[Round "6"]
[White "Russo J"]
[Black "Majewski P"]
[Result "1-0"]
[WhiteElo "1987"]
[BlackElo "1799"]
[PlyCount "33"]

1. e4 e5 2. d4 exd4 3. Qxd4 Nc6 4. Qe3 Bb4+ 5.
Nc3 Nf6 6. Bd2 d6 {(=)} 7. O-O-O Be6 8. f4 Bc5 9. Qg3 Bd4 10. Nge2 Bg4 {(=)}
11. Nxd4 Nxd4 12. Re1 Qd7 13. h3 Be6 14. Qxg7 O-O-O 15. Qxf6 c5 16. f5 Bxa2 17.
Be3 1-0

[Event "TIPC 2005"]
[Site "Charleroi"]
[Date "2005.08.03"]
[Round "6"]
[White "Chatalbashev B"]
[Black "Dgebuadze A"]
[Result "1/2-1/2"]
[WhiteElo "2499"]
[BlackElo "2546"]
[PlyCount "22"]

1. c4 e5 2. Nc3 Nc6 3. g3 g6 4. Bg2 Bg7 5. Rb1
d6 6. b4 Nf6 7. b5 Nd4 8. e3 Ne6 9. Nge2 O-O 10. d4 Nd7 11. O-O Nb6 1/2-1/2

[Event "TIPC 2005"]
[Site "Charleroi"]
[Date "2005.08.03"]
[Round "6"]
[White "Wattin J"]
[Black "Russo I"]
[Result "1-0"]
[WhiteElo "1660"]
[BlackElo "1341"]
[PlyCount "23"]

1. e4 g6 2. d4 Bg7 3. f4 d6 4. Bc4 Bd7 5. c3 e5
6. Nf3 Bg4 7. Qb3 Kf8 8. O-O f6 9. fxe5 dxe5 10. Nxe5 Qc8 11. Bxg8 Rxg8 12.
Qf7# 1-0

[Event "TIPC 2005"]
[Site "Charleroi"]
[Date "2005.08.03"]
[Round "6"]
[White "Guebel Y"]
[Black "Moga C"]
[Result "1-0"]
[WhiteElo "1987"]
[BlackElo "1689"]
[PlyCount "53"]

1. e4 e5 2. Nf3 Nc6 3. Bb5 a6 4. Ba4 Nf6 5. O-O
b5 6. Bb3 Nxe4 7. d4 d5 8. dxe5 Be6 9. Nbd2 Nc5 10. c3 Be7 11. Bc2 Bg4 12. Qe1
Ne6 13. b4 Qd7 14. a4 O-O 15. axb5 axb5 16. Rxa8 Rxa8 17. Qe2 g6 18. h3 Bh5 19.
Qxb5 Nf4 20. Kh2 g5 21. Nd4 g4 22. Qxc6 Qc8 23. Bf5 Qf8 24. hxg4 Bg6 25. N2f3
Ra1 26. Kg1 Ra2 27. Bxf4 1-0

[Event "TIPC 2005"]
[Site "Charleroi"]
[Date "2005.08.03"]
[Round "6"]
[White "Leloutre B"]
[Black "Minyeyevtsev S"]
[Result "0-1"]
[WhiteElo "1824"]
[BlackElo "2183"]
[PlyCount "48"]

1. c4 c6 2. e4 d5 3. exd5 cxd5 4. d4 Nf6 5. Nc3
Nc6 6. Bg5 Be6 7. Bxf6 gxf6 8. c5 Bg7 9. Bb5 O-O 10. Nge2 Bg4 11. f3 Bc8 12.
O-O e6 13. a3 f5 14. Bxc6 bxc6 15. b4 Ba6 16. a4 Qd7 17. Qb3 Bc4 18. Qd1 Rfb8
19. Qd2 Rxb4 20. Nxd5 Qxd5 21. Qxb4 Bxe2 22. Rfe1 Qxd4+ 23. Qxd4 Bxd4+ 24. Kh1
Bxa1 0-1

[Event "TIPC 2005"]
[Site "Charleroi"]
[Date "2005.08.03"]
[Round "6"]
[White "Bréda P"]
[Black "Coibion C"]
[Result "0-1"]
[WhiteElo "1150"]
[BlackElo "1652"]
[PlyCount "45"]

1. e4 c5 2. d3 Nc6 3. Nf3 g6 4. g3 Bg7 5. c3 e6
6. Bg2 Nge7 7. O-O O-O 8. Be3 d6 9. d4 cxd4 10. cxd4 d5 11. e5 Qb6 12. Qd2 Nf5
13. b3 Bd7 14. Nc3 Rac8 15. Rac1 Nxe3 16. Na4 Nxf1 17. Bxf1 Qb4 18. Qb2 b6 19.
Nc3 Nxd4 20. a3 Nxf3+ 21. Kg2 Qd4 22. Kxf3 Rxc3+ 23. Kg2 0-1

[Event "TIPC 2005"]
[Site "Charleroi"]
[Date "2005.08.03"]
[Round "6"]
[White "Tannemaat S"]
[Black "Taverniers P"]
[Result "1/2-1/2"]
[WhiteElo "1956"]
[BlackElo "1670"]
[PlyCount "40"]

1. e4 c6 2. d4 d5 3. e5 Bf5 4. h4 h5 5. c4 dxc4
6. Bxc4 e6 7. Nc3 Ne7 8. Bg5 Qc7 9. Nge2 Nd5 10. Rc1 Qa5 11. O-O Nd7 12. Re1
Bb4 13. a3 Be7 14. Bxe7 Nxe7 15. Ng3 Nb6 16. Be2 g6 17. Nge4 Bxe4 18. Nxe4 Nf5
19. Nc5 O-O-O 20. Nb3 Qa4 {(=)} 1/2-1/2

[Event "TIPC 2005"]
[Site "Charleroi"]
[Date "2005.08.03"]
[Round "6"]
[White "Miceli G"]
[Black "Jourdain J-F"]
[Result "0-1"]
[WhiteElo "1837"]
[BlackElo "2091"]
[PlyCount "36"]

1. e4 e6 2. d3 d5 3. Nd2 Nf6 4. g3 dxe4 5. dxe4
e5 6. Bg2 Bc5 7. Ngf3 O-O 8. O-O Nc6 9. c3 a5 10. a4 Be6 11. Qc2 Qc8 12. Nb3
Bb6 13. Nh4 Bc4 14. Bg5 Ng4 15. Bh3 h6 16. Bxh6 Qe6 17. Nf5 Bxb3 18. Qe2 Nxh6
0-1

[Event "TIPC 2005"]
[Site "Charleroi"]
[Date "2005.08.04"]
[Round "7"]
[White "Karpatchev A"]
[Black "Bolzoni V-A"]
[Result "1-0"]
[WhiteElo "2487"]
[BlackElo "2210"]
[PlyCount "59"]

1. e4 c5 2. Nf3 e6 3. c3 d5 4. e5 d4 5. Bd3 Nc6
6. O-O Nge7 7. Qe2 Ng6 8. g3 dxc3 9. Bxg6 cxb2 10. Bxf7+ Kxf7 11. Bxb2 Be7 12.
Qe4 Bd7 13. Nc3 Qb6 14. Rab1 Qb4 15. d4 cxd4 16. Ba1 Qc5 17. Rb5 Qa3 18. Rxb7
dxc3 19. Rxd7 Rac8 20. Rd3 Nb4 21. Ng5+ Bxg5 22. Rf3+ Kg8 23. Qb7 Rf8 24. Rxc3
Qxa2 25. Rc7 Bh6 26. Qxb4 g6 27. Bd4 Qd5 28. Qe7 a5 29. Be3 Rf4 30. Bxf4 1-0

[Event "TIPC 2005"]
[Site "Charleroi"]
[Date "2005.08.04"]
[Round "7"]
[White "Ivanov M"]
[Black "Gouliev N"]
[Result "1/2-1/2"]
[WhiteElo "2462"]
[BlackElo "2555"]
[PlyCount "97"]

1. d4 d5 2. c4 dxc4 3. Nf3 e6 4. e3 c5 5. Bxc4
Nf6 6. O-O a6 7. dxc5 Bxc5 8. Qxd8+ Kxd8 9. Be2 Ke7 10. Nbd2 Nbd7 11. b3 b6 12.
Bb2 Bb7 13. Ne1 b5 14. Nd3 Bd6 15. Bf3 Bxf3 16. Nxf3 Rhc8 17. Rfc1 g6 18. Nd4
e5 19. Nc6+ Ke6 20. f4 Ng4 21. fxe5 Ndxe5 22. Nc5+ Kf5 23. Nxe5 Bxe5 24. Bxe5
Kxe5 25. Nd3+ Kd6 26. e4 Ne3 27. a4 bxa4 28. Rxc8 Rxc8 29. Rxa4 Rc6 30. Nb4 Rc3
31. Rxa6+ Ke5 32. Nd5 Rc1+ 33. Kf2 Ng4+ 34. Kg3 f5 35. exf5 gxf5 36. Ra5 Ke4
37. h3 Ne3 38. Nf6+ Kd3 39. Nd5 Nxd5 40. Rxd5+ Ke4 41. Rb5 Rc3+ 42. Kh4 f4 43.
b4 Rb3 44. Rb7 Rg3 45. Re7+ Kf5 46. Rf7+ Ke5 47. Re7+ Kf5 48. Rf7+ Ke5 49. Re7+
1/2-1/2

[Event "TIPC 2005"]
[Site "Charleroi"]
[Date "2005.08.04"]
[Round "7"]
[White "Vandevoort P"]
[Black "Russo J"]
[Result "1-0"]
[WhiteElo "2414"]
[BlackElo "1987"]
[PlyCount "61"]

1. Nf3 d5 2. d4 Nf6 3. c4 c6 4. Nc3 e6 5. e3
Nbd7 6. Qc2 Bd6 7. Bd3 dxc4 8. Bxc4 b5 9. Bd3 O-O 10. O-O Bb7 11. Ne4 Nxe4 12.
Bxe4 f5 13. Bd3 c5 14. Qe2 c4 15. Bc2 Nf6 16. b3 Ne4 17. Ne5 Qg5 {(=)} 18. f3
Nc3 19. Qe1 Nd5 20. bxc4 bxc4 21. Rb1 Bc8 22. Nxc4 Bc7 23. f4 Qh6 24. Ne5 g5
25. fxg5 Qg7 26. Kh1 Bxe5 27. dxe5 Qxe5 28. e4 fxe4 29. Rxf8+ Kxf8 30. Bxe4 Nf4
31. Ba3+ 1-0

[Event "TIPC 2005"]
[Site "Charleroi"]
[Date "2005.08.04"]
[Round "7"]
[White "Denayer E"]
[Black "Kocur M"]
[Result "0-1"]
[WhiteElo "2224"]
[BlackElo "1842"]
[PlyCount "49"]

1. d4 f5 2. g3 Nf6 3. Bg2 g6 4. Nf3 Bg7 5. O-O
O-O 6. c4 d6 7. Nc3 Qe8 8. Nd5 Na6 9. Nxf6+ Rxf6 10. Bg5 Rf7 11. Qd2 Qf8 12.
Rad1 h6 13. Be3 c6 14. d5 c5 15. Qc1 Nc7 16. Bd2 Ne8 17. Nh4 Kh7 18. e4 g5 19.
Nxf5 Bxf5 20. exf5 Nf6 21. h3 g4 22. hxg4 Nxg4 23. Be4 Bf6 24. Kg2 Qg7 25. f3
0-1

[Event "TIPC 2005"]
[Site "Charleroi"]
[Date "2005.08.04"]
[Round "7"]
[White "Antic D"]
[Black "Chatalbashev B"]
[Result "1/2-1/2"]
[WhiteElo "2512"]
[BlackElo "2499"]
[PlyCount "40"]

1. d4 g6 2. c4 Bg7 3. Nf3 c5 4. d5 d6 5. e4 Nf6
6. Nc3 O-O 7. Bd3 e5 8. O-O Nh5 9. Re1 Nd7 10. g3 Kh8 11. Bg5 Bf6 12. Bh6 Ng7
13. h4 Be7 14. Kg2 Nf6 15. Qd2 Ng4 16. Rh1 Rg8 17. Bxg7+ Rxg7 18. Nd1 f5 19.
Ng5 Bf6 20. Nc3 f4 1/2-1/2

[Event "TIPC 2005"]
[Site "Charleroi"]
[Date "2005.08.04"]
[Round "7"]
[White "Lersy X"]
[Black "Hautot S"]
[Result "0-1"]
[WhiteElo "2067"]
[BlackElo "2361"]
[PlyCount "48"]

1. d4 d5 2. Nf3 Nf6 3. c4 c6 4. Nc3 dxc4 5. a4
Bf5 6. e3 e6 7. Bxc4 Bb4 8. O-O O-O 9. Qe2 Bg6 10. Ne5 Nbd7 11. Nxg6 hxg6 12.
Rd1 Qa5 13. Bd2 Rad8 14. Be1 e5 15. d5 Nb6 16. dxc6 bxc6 17. Bb3 Rd7 18. Rxd7
Nfxd7 19. e4 Nc5 20. Bc2 Ne6 21. Qg4 Nd4 22. Bd1 Nc4 23. Rc1 Nxb2 24. Nd5 cxd5
0-1

[Event "TIPC 2005"]
[Site "Charleroi"]
[Date "2005.08.04"]
[Round "7"]
[White "Lalau A"]
[Black "Van Mechelen J"]
[Result "1/2-1/2"]
[WhiteElo "2019"]
[BlackElo "2283"]
[PlyCount "39"]

1. e4 c5 2. Nf3 d6 3. d4 cxd4 4. Nxd4 Nf6 5. Nc3
a6 6. Bc4 e6 7. Bb3 b5 8. O-O b4 9. Na4 Bd7 10. Re1 Nc6 11. Be3 Rb8 12. f3 Be7
13. c3 bxc3 14. Nxc3 Qc7 15. Rc1 Qb6 16. Nxc6 Bxc6 17. Ba4 Bd7 18. b4 O-O 19.
a3 Rfc8 20. Bxd7 {(=)} 1/2-1/2

[Event "TIPC 2005"]
[Site "Charleroi"]
[Date "2005.08.04"]
[Round "7"]
[White "Vansteenkiste V"]
[Black "Dal Borgo A"]
[Result "0-1"]
[WhiteElo "2068"]
[BlackElo "2196"]
[PlyCount "80"]

1. e4 c5 2. Nf3 e6 3. d4 cxd4 4. Nxd4 Nc6 5. Nb5
d6 6. c4 Nf6 7. N1c3 a6 8. Na3 Be7 9. Be2 Bd7 10. Be3 O-O 11. O-O Qb8 12. Qd2
Na7 13. Bf4 b5 14. b4 Bc6 15. f3 Rd8 16. Rab1 Qb7 17. Rfd1 Rac8 18. cxb5 Nxb5
19. Naxb5 axb5 20. a4 bxa4 21. b5 Be8 22. Nxa4 d5 23. e5 Nd7 24. Bg3 Qa7+ 25.
Qd4 Ra8 26. Ra1 Qxd4+ 27. Rxd4 Bc5 28. Bf2 Nb6 29. Rb4 Bxb4 30. Bxb6 Rdb8 31.
Bc7 Rb7 32. Rb1 Rxa4 33. b6 Bc5+ 34. Kf1 Bd4 35. Ke1 Ra1 36. Rxa1 Bxa1 37. Ba6
Bc6 38. Kd2 Bd4 39. Kc2 Rxb6 40. Bxb6 Bxb6 0-1

[Event "TIPC 2005"]
[Site "Charleroi"]
[Date "2005.08.04"]
[Round "7"]
[White "Uhoda P"]
[Black "Marville G"]
[Result "1/2-1/2"]
[WhiteElo "2195"]
[BlackElo "1922"]
[PlyCount "34"]

1. d4 d5 2. c4 e6 3. Nc3 c6 4. Nf3 Nf6 5. cxd5
exd5 6. Bg5 Be7 7. e3 Bf5 8. Bd3 Bxd3 9. Qxd3 Nbd7 10. O-O O-O 11. Rab1 Ne4 12.
Bxe7 Qxe7 13. b4 a6 14. Rfc1 Nb6 15. Nd2 f5 16. Ne2 Rf6 17. Nf1 Kh8 1/2-1/2

[Event "TIPC 2005"]
[Site "Charleroi"]
[Date "2005.08.04"]
[Round "7"]
[White "Reyskens J"]
[Black "Fosset F"]
[Result "0-1"]
[WhiteElo "1791"]
[BlackElo "2008"]
[PlyCount "49"]

1. e4 e6 2. d4 d5 3. Nc3 Nf6 4. e5 Nfd7 5. Nf3
c5 6. dxc5 Nc6 7. Bf4 Nxc5 8. Be2 Be7 9. O-O a6 10. a3 b5 11. Nd4 Bb7 12. Nxc6
Bxc6 13. Bf3 O-O 14. Re1 Qc7 15. Bg3 Rfd8 16. Qc1 a5 17. Qf4 b4 18. axb4 axb4
19. Na2 b3 20. Nb4 bxc2 21. Nxc2 Nd3 22. Qd2 Nxe1 23. Qxe1 Rxa1 24. Qxa1 Ra8
25. Na3 0-1

[Event "TIPC 2005"]
[Site "Charleroi"]
[Date "2005.08.04"]
[Round "7"]
[White "Baeten O"]
[Black "Wattin J"]
[Result "1/2-1/2"]
[WhiteElo "1864"]
[BlackElo "1660"]
[PlyCount "44"]

1. d4 f5 2. Nf3 e6 3. g3 Nf6 4. Bg2 Be7 5. O-O
O-O 6. e3 d5 7. c4 c6 8. Nbd2 h6 9. Ne5 Qe8 10. Ndf3 Nbd7 11. Qc2 Ne4 12. Nd3
Ndf6 13. Nfe5 g5 14. b4 Bd7 15. Nc5 Nxc5 16. bxc5 b6 17. cxd5 cxd5 18. a4 bxc5
19. dxc5 Ne4 20. Bxe4 fxe4 21. Nxd7 Qxd7 22. Bb2 Bf6 {(=)} 1/2-1/2

[Event "TIPC 2005"]
[Site "Charleroi"]
[Date "2005.08.04"]
[Round "7"]
[White "Henris L"]
[Black "Platel A"]
[Result "1-0"]
[WhiteElo "2308"]
[BlackElo "2164"]
[PlyCount "79"]

1. e4 e5 2. f4 Bc5 3. Nf3 d6 4. c3 Nf6 5. d4
exd4 6. cxd4 Bb6 7. Nc3 O-O 8. e5 dxe5 9. fxe5 Nd5 10. Bg5 Nxc3 11. bxc3 Qd5
12. Bd3 Bg4 13. O-O Nc6 14. Kh1 h6 15. Bf4 Ne7 16. Qc2 Qd7 17. Nd2 f5 18. exf6
Rxf6 19. Ne4 Re6 20. Nf2 Bh5 21. Bc4 Bf7 22. Nd3 Ng6 23. Ne5 Nxe5 24. Bxe5 Rf8
25. Bxe6 Qxe6 26. Rf3 Bg6 27. Rxf8+ Kxf8 28. Qf2+ Kg8 29. Rf1 Qe7 30. Qg3 Kh7
31. Qf4 a5 32. Qf8 Qxf8 33. Rxf8 h5 34. c4 a4 35. c5 Ba5 36. d5 Bb4 37. d6 cxd6
38. cxd6 Bb1 39. d7 Be7 40. Ra8 1-0

[Event "TIPC 2005"]
[Site "Charleroi"]
[Date "2005.08.04"]
[Round "7"]
[White "Lucrezi M"]
[Black "De Troch J-P"]
[Result "1-0"]
[WhiteElo "1150"]
[BlackElo "1320"]
[PlyCount "29"]

1. d4 d5 2. Nf3 Bf5 3. e3 Nc6 4. Bb5 Qd6 5. O-O
O-O-O 6. Nbd2 Nf6 7. c4 e6 8. c5 Qe7 9. Bxc6 bxc6 10. Ne5 Qe8 11. Qa4 Kb7 12.
Nb3 Bc2 13. Qb4+ Kc8 14. Na5 Qe7 15. Qb7# 1-0

[Event "TIPC 2005"]
[Site "Charleroi"]
[Date "2005.08.04"]
[Round "7"]
[White "Ghislain J-P"]
[Black "Clarembeau A"]
[Result "1/2-1/2"]
[WhiteElo "1472"]
[BlackElo "1169"]
[PlyCount "44"]

1. Nf3 d5 2. d4 Nf6 3. c4 e6 4. Nc3 c6 5. Bg5
Nbd7 6. e3 h6 7. Bh4 g5 8. Bg3 dxc4 9. Bxc4 b5 10. Bb3 Bb7 11. O-O Bg7 12. h3
O-O 13. Rc1 Qe7 14. Re1 b4 15. Na4 Ne4 16. Bh2 Rfd8 17. Qe2 Rac8 18. Bc2 c5 19.
Bxe4 Bxe4 20. dxc5 Nxc5 21. Nxc5 Rxc5 22. Rxc5 Qxc5 1/2-1/2

[Event "TIPC 2005"]
[Site "Charleroi"]
[Date "2005.08.04"]
[Round "7"]
[White "Dinev D"]
[Black "Counet J-M"]
[Result "0-1"]
[WhiteElo "1832"]
[BlackElo "2118"]
[PlyCount "64"]

1. Nf3 g6 2. g3 Bg7 3. Bg2 f5 4. d4 Nf6 5. Bf4
d6 6. c3 e6 7. Qb3 O-O 8. Nbd2 h6 9. h4 Nc6 10. Nc4 a6 11. Nfd2 Qe8 12. Bxd6
cxd6 13. Nxd6 Qd7 14. N6c4 Nd5 15. e4 fxe4 16. Nxe4 Kh7 17. h5 g5 18. Qc2 Kg8
19. O-O-O Qe7 20. Kb1 b5 21. Ncd2 b4 22. c4 Nxd4 23. Qd3 Nb6 24. Nb3 Nxb3 25.
Qxb3 Bb7 26. f4 gxf4 27. gxf4 Rxf4 28. Rhe1 Rd8 29. c5 Rxd1+ 30. Qxd1 Bxe4+ 31.
Bxe4 Qf6 32. Qc2 Rf2 0-1

[Event "TIPC 2005"]
[Site "Charleroi"]
[Date "2005.08.04"]
[Round "7"]
[White "Lorand B"]
[Black "Lenoir T"]
[Result "0-1"]
[WhiteElo "1273"]
[BlackElo "1640"]
[PlyCount "38"]

1. e4 e6 2. d4 d5 3. Nc3 Bb4 4. Bd2 Ne7 5. Qg4
O-O 6. Bd3 dxe4 7. Nxe4 Bxd2+ 8. Kxd2 f5 9. Qh3 fxe4 10. Bxe4 Qxd4+ 11. Bd3
Nbc6 12. f3 e5 13. g4 e4 14. fxe4 Rf2+ 15. Ne2 Rxe2+ 16. Kd1 Rxe4 17. Qg3 Bxg4+
18. Kd2 Ne5 19. Rae1 Nc4+ 0-1

[Event "TIPC 2005"]
[Site "Charleroi"]
[Date "2005.08.04"]
[Round "7"]
[White "Delcour E"]
[Black "Giadrosic D"]
[Result "1-0"]
[WhiteElo "1756"]
[BlackElo "1949"]
[PlyCount "35"]

1. e4 d6 2. d4 Nf6 3. Nc3 Nbd7 4. f4 e5 5. dxe5
dxe5 6. fxe5 Nxe5 7. Qxd8+ Kxd8 8. Bg5 c6 9. O-O-O+ Kc7 10. Nf3 Bd6 11. Be2
Nfg4 12. Rxd6 Kxd6 13. Rd1+ Ke6 14. Nd4+ Kd6 15. Ndb5+ Kc5 16. Na4+ Kb4 17.
Bd2+ Kxa4 18. b3# 1-0

[Event "TIPC 2005"]
[Site "Charleroi"]
[Date "2005.08.04"]
[Round "7"]
[White "Vandenbruaene A"]
[Black "Di Cosmo J"]
[Result "1-0"]
[WhiteElo "1641"]
[BlackElo "1945"]
[PlyCount "43"]

1. e4 e6 2. d4 d5 3. Nc3 Bb4 4. e5 Ne7 5. a3
Bxc3+ 6. bxc3 c5 7. Qg4 O-O 8. Nh3 Qc7 9. Bd3 Ng6 10. Bd2 Nc6 11. Ng5 c4 12.
Be2 Re8 13. h4 Nf8 14. Rh3 a5 15. Rg3 g6 16. h5 Ra6 17. f4 Rb6 18. Kf2 Rb2 19.
Rh1 Re7 20. Nxh7 f5 21. Nf6+ Kg7 22. Qg5 1-0

[Event "TIPC 2005"]
[Site "Charleroi"]
[Date "2005.08.04"]
[Round "7"]
[White "Deprez D"]
[Black "De Boeck P"]
[Result "1-0"]
[WhiteElo "1710"]
[BlackElo "1418"]
[PlyCount "51"]

1. c4 c5 2. Nf3 Nf6 3. d4 e6 4. Nc3 d5 5. Bg5
dxc4 6. Qa4+ Bd7 7. Qxc4 Be7 8. dxc5 a6 9. e3 b5 10. cxb6 Qxb6 11. b4 Qc6 12.
Be2 Qxc4 13. Bxc4 O-O 14. O-O Bc6 15. Ne5 h6 16. Nxc6 Nxc6 17. Bh4 Rfc8 18. Na4
Bd8 19. Rfd1 g5 20. Bg3 Ne4 21. Be2 Nxg3 22. hxg3 Bf6 23. Rac1 Nxb4 24. a3 Rxc1
25. Rxc1 Na2 26. Rc2 1-0

[Event "TIPC 2005"]
[Site "Charleroi"]
[Date "2005.08.05"]
[Round "8"]
[White "Laurent B"]
[Black "Ivanov M"]
[Result "1-0"]
[WhiteElo "2328"]
[BlackElo "2462"]
[PlyCount "78"]

1. d4 Nf6 2. Bg5 Ne4 3. Bf4 d5 4. e3 e6 5. Bd3
Bd6 6. Bxd6 Qxd6 7. c3 O-O 8. f3 Nf6 9. f4 c5 10. Nd2 b6 11.
Qe2 a5 12. Ngf3 Ba6 13. Bxa6 Nxa6 14. O-O Nc7 15. Ne5 a4 16. a3 Nd7 17. Rad1 f6
18. Ndc4 dxc4 19. dxc5 Qxe5 20. fxe5 Nxe5 21. cxb6 Nd5 22. e4 Nxb6 23. Rd6 Nbd7
24. Rxe6 Nd3 25. Rc6 N7e5 26. Rxc4 Nxc4 27. Qxd3 Ne5 28. Qe2 h6 29. Rd1 Rfb8
30. Rd4 Rb7 31. h3 Kh7 32. Qc2 Rba7 33. Qd1 Ra6 34. Rd8 R8a7 35. Qf1 Nf7 36.
Rd7 Rxd7 37. Qf5+ Kg8 38. Qxd7 Ra8 39. Qc6 Ra7 1-0

[Event "TIPC 2005"]
[Site "Charleroi"]
[Date "2005.08.05"]
[Round "8"]
[White "Karpatchev A"]
[Black "Antic D"]
[Result "1/2-1/2"]
[WhiteElo "2487"]
[BlackElo "2512"]
[PlyCount "39"]

1. e4 c5 2. c3 e6 3. d4 d5 4. e5 Nc6 5. Nf3 Qb6
6. a3 c4 7. Nbd2 Na5 8. Be2 Bd7 9. O-O Ne7 10. Re1 Qc7 11. Rb1 Nc8 12. Nf1 Nb6
13. Bg5 h6 14. Bh4 Ba4 15. Qc1 Be7 16. Bg3 Qd7 17. N3d2 O-O-O 18. Ne3 h5 19. h3
Qc6 20. Bd1 {(=)} 1/2-1/2

[Event "TIPC 2005"]
[Site "Charleroi"]
[Date "2005.08.05"]
[Round "8"]
[White "Bolzoni V-A"]
[Black "Vandevoort P"]
[Result "0-1"]
[WhiteElo "2210"]
[BlackElo "2414"]
[PlyCount "72"]

1. e4 c5 2. Nf3 Nc6 3. d4 cxd4 4. Nxd4 Nf6 5.
Nc3 e5 6. Ndb5 d6 7. Bg5 a6 8. Na3 b5 9. Bxf6 gxf6 10. Nd5 f5 11. Bd3 Be6 12.
O-O Bxd5 13. exd5 Ne7 14. c3 Bg7 15. Nc2 O-O 16. a4 Qd7 17. axb5 axb5 18. Rxa8
Rxa8 19. Nb4 e4 20. Be2 f4 21. f3 Nf5 22. Nc6 Ne3 23. Qb1 Nxf1 24. Qxf1 b4 25.
cxb4 Bxb2 26. Ba6 Qc7 27. b5 Qb6+ 28. Kh1 Re8 29. fxe4 Rxe4 30. g3 Qe3 31. gxf4
Kh8 32. b6 Rxf4 33. Qxf4 Qxf4 34. b7 Qe4+ 35. Kg1 Bd4+ 36. Kf1 Qd3+ 0-1

[Event "TIPC 2005"]
[Site "Charleroi"]
[Date "2005.08.05"]
[Round "8"]
[White "Geerts L"]
[Black "Folie N"]
[Result "1-0"]
[WhiteElo "1580"]
[BlackElo "1328"]
[PlyCount "49"]

1. d4 d5 2. c4 c6 3. Nc3 Nf6 4. cxd5 Nxd5 5. e4
Nxc3 6. bxc3 g6 7. Be2 Bg7 8. Bb2 O-O 9. Nf3 Bg4 10. O-O e6 11. Nd2 Bxe2 12.
Qxe2 Nd7 13. e5 Nb6 14. Ne4 Nc8 15. Qg4 b6 16. h4 h5 17. Qh3 c5 18. g4 Qd5 19.
f3 hxg4 20. Qxg4 Ne7 21. h5 cxd4 22. cxd4 Rfc8 23. Qg5 Nf5 24. hxg6 fxg6 25.
Qxg6 1-0

[Event "TIPC 2005"]
[Site "Charleroi"]
[Date "2005.08.05"]
[Round "8"]
[White "Guebel Y"]
[Black "Van Uytven E"]
[Result "0-1"]
[WhiteElo "1987"]
[BlackElo "2199"]
[PlyCount "36"]

1. e4 c5 2. Nf3 e6 3. d4 cxd4 4. Nxd4 Nc6 5. Nb5
d6 6. Bf4 e5 7. Be3 Be6 8. N5c3 Nf6 9. Be2 Be7 10. O-O O-O 11. Nd2 d5 12. exd5
Nxd5 13. Nxd5 Bxd5 14. c4 Be6 15. b3 f5 16. f3 Bg5 17. f4 exf4 18. Bxf4 Qd4+
0-1

[Event "TIPC 2005"]
[Site "Charleroi"]
[Date "2005.08.05"]
[Round "8"]
[White "Hardy C"]
[Black "Deboulle P"]
[Result "1-0"]
[WhiteElo "1612"]
[BlackElo "1492"]
[PlyCount "57"]

1. e4 d5 2. exd5 Qxd5 3. Nc3 Qa5 4. Nf3 Nf6 5.
d3 c6 6. Bd2 Qc7 7. g3 e6 8. Bg2 Bd6 9. O-O Nbd7 10. Ne4 Nxe4 11. dxe4 b6 12.
Bc3 e5 13. Qd2 Nf6 14. Rfe1 Bb7 15. Rad1 O-O-O 16. Qg5 Rhe8 17. Bh3+ Kb8 {(=)}
18. Qxg7 Nd7 19. Bxd7 Rxd7 20. Nxe5 Rde7 {(=)} 21. Nc4 f6 22. Qxf6 Re6 23. Nxd6
Rxf6 24. Nxe8 Qf7 25. Bxf6 a5 26. Be5+ Ka7 27. Rd8 Qe7 28. Bb8+ Ka6 29. Nc7+
1-0

[Event "TIPC 2005"]
[Site "Charleroi"]
[Date "2005.08.05"]
[Round "8"]
[White "Mailleux G"]
[Black "Artisien C"]
[Result "1-0"]
[WhiteElo "1762"]
[BlackElo "1593"]
[PlyCount "41"]

1. c4 e5 2. d3 c6 3. Nf3 Nf6 4. Qc2 h6 5. g3 d6
6. Bg2 Bf5 7. Nc3 Na6 8. O-O Qd7 9. Rd1 Rc8 10. a3 Be7 11. b4 Qe6 12. Bb2 O-O
13. Rac1 d5 14. cxd5 cxd5 {(=)} 15. Qd2 Nc7 16. Nxe5 Qxe5 17. Nb5 d4 18. Nxd4
Bd6 19. f4 Ne4 20. fxe5 Nxd2 21. exd6 1-0

[Event "TIPC 2005"]
[Site "Charleroi"]
[Date "2005.08.05"]
[Round "8"]
[White "Glibert S"]
[Black "Dlmont J-R"]
[Result "0-1"]
[WhiteElo "1827"]
[BlackElo "2040"]
[PlyCount "30"]

1. e4 c5 2. Nf3 d6 3. d4 cxd4 4. Nxd4 Nf6 5. Nc3
g6 6. f3 Bg7 7. Be3 O-O 8. Bc4 Nc6 9. Qd2 Nd7 10. O-O-O Nb6 11. Bb3 Na5 12. Bh6
Nbc4 13. Qg5 e5 14. Nde2 Bf6 15. Qg3 Bh4 0-1

[Event "TIPC 2005"]
[Site "Charleroi"]
[Date "2005.08.05"]
[Round "8"]
[White "Majewski P"]
[Black "Krasucki Y"]
[Result "1-0"]
[WhiteElo "1799"]
[BlackElo "1953"]
[PlyCount "91"]

1. e4 c6 2. d4 d5 3. Nc3 g6 4. Bf4 Bg7 5. exd5
cxd5 6. Bb5+ Nc6 7. Bxc6+ bxc6 8. Nge2 h5 9. Na4 Nh6 10. c3 e6 11. Nc5 Nf5 12.
Qd2 Qb6 13. O-O e5 14. Be3 Qc7 15. dxe5 Nxe3 16. Qxe3 Qxe5 17. Qxe5+ Bxe5 18.
Rfe1 O-O 19. Nd4 Bxd4 20. cxd4 Bf5 21. Re2 Rfe8 22. Rae1 Kf8 23. Rxe8+ Rxe8 24.
Rxe8+ Kxe8 25. f3 Bb1 26. a3 Ba2 {(=)} 27. b3 Bb1 28. Kf2 Ke7 29. Ke3 Bf5 30.
Kf4 Kf6 {(=)} 31. h4 Bc8 32. g4 hxg4 33. fxg4 Kg7 34. g5 f6 35. Nd3 Bd7 36. b4
Kf7 37. gxf6 Kxf6 38. Ne5 Be8 39. Ng4+ Kg7 40. Kg5 Bd7 41. Ne5 Be8 42. a4 a6
43. a5 Bf7 44. Nxc6 Be6 45. Ne5 Bf5 46. h5 1-0

[Event "TIPC 2005"]
[Site "Charleroi"]
[Date "2005.08.05"]
[Round "8"]
[White "Marville G"]
[Black "Jourdain J-F"]
[Result "1/2-1/2"]
[WhiteElo "1922"]
[BlackElo "2090"]
[PlyCount "27"]

1. e4 e6 2. d4 d5 3. e5 c5 4. c3 Nc6 5. Nf3 Qb6
6. a3 c4 7. Nbd2 Na5 8. g3 f6 9. Bh3 Bd7 10. O-O f5 11. Ne1 Nh6 12. f4 Nb3 13.
Nxb3 Ba4 14. Ng2 {(=)} 1/2-1/2

[Event "TIPC 2005"]
[Site "Charleroi"]
[Date "2005.08.05"]
[Round "8"]
[White "Russo J"]
[Black "Rogmans J"]
[Result "1-0"]
[WhiteElo "1987"]
[BlackElo "1761"]
[PlyCount "45"]

1. e4 d5 2. exd5 Qxd5 3. Nc3 Qa5 4. d4 c6 5. Nf3
Nf6 6. Bd2 Bf5 7. Bc4 e6 8. Nd5 Qd8 9. Nxf6+ gxf6 10. Bb3 Bd6 11. Qe2 Qe7 12.
O-O-O Nd7 13. Nh4 Bg6 14. Rhe1 a5 15. Bxe6 fxe6 16. Qxe6 Ne5 17. Qxe7+ Kxe7 18.
dxe5 fxe5 19. Bg5+ Ke6 20. f4 e4 21. g4 Bf7 22. Rxe4+ Kd7 23. Re7+ 1-0

[Event "TIPC 2005"]
[Site "Charleroi"]
[Date "2005.08.05"]
[Round "8"]
[White "Vanderose M"]
[Black "Lersy X"]
[Result "1/2-1/2"]
[WhiteElo "1904"]
[BlackElo "2067"]
[PlyCount "36"]

1. c4 e5 2. Nc3 Nf6 3. Nf3 d6 4. e4 Bg4 5. d4
Nc6 6. d5 Nd4 7. Be3 c5 8. dxc6 Nxc6 9. Be2 Be7 10. Qd2 Bh5 11. h3 Bg6 12. Bd3
O-O 13. O-O Qd7 14. Rad1 b6 15. a3 Rac8 16. b3 Kh8 17. Bc2 Bh5 18. Qe2 Qb7 {(=)
} 1/2-1/2

[Event "TIPC 2005"]
[Site "Charleroi"]
[Date "2005.08.05"]
[Round "8"]
[White "Vanderwaeren S"]
[Black "Lalau A"]
[Result "1-0"]
[WhiteElo "2299"]
[BlackElo "2019"]
[PlyCount "35"]

1. Nf3 Nf6 2. c4 c6 3. Nc3 d5 4. e3 Nbd7 5. Qc2
e5 6. cxd5 cxd5 7. Nb5 Bc5 8. Nxe5 a6 9. Nxd7 Nxd7 10. Nc3 Nf6 11. d4 Bd6 12.
Be2 Be6 13. O-O h5 14. e4 dxe4 15. Nxe4 Ng4 16. g3 Bc7 17. Ng5 Bd5 18. Bf3 1-0

[Event "TIPC 2005"]
[Site "Charleroi"]
[Date "2005.08.05"]
[Round "8"]
[White "Counet J-M"]
[Black "Wautelet P"]
[Result "1-0"]
[WhiteElo "2118"]
[BlackElo "1624"]
[PlyCount "41"]

1. e4 e6 2. d3 d5 3. Nd2 dxe4 4. Nxe4 Nf6 5. Ng3
b6 6. Nf3 Bb7 7. d4 Nbd7 8. c3 Be7 9. Bd3 O-O 10. O-O c5 11. Qe2 Qc7 12. Ne5
cxd4 13. cxd4 Rfd8 14. Bf4 Nf8 15. Rac1 Qb8 16. Nh5 Nxh5 17. Qxh5 g6 18. Qh6
Rxd4 19. Nxg6 Bd6 20. Ne7+ Kh8 21. Qf6# 1-0